Biznis s pitnou vodou

Salvato in:
Dettagli Bibliografici
Autore principale: Pavelka, Ľuboš, 1962-
Natura: Capitolo di libro
Lingua:slovacco
Tags: Aggiungi Tag
Nessun Tag, puoi essere il primo ad aggiungerne!!

MARC

LEADER 00000naa a2200000 4500
001 0229399
005 20240502073757.7
041 0 |a slo 
044 |a SK 
245 1 0 |a Biznis s pitnou vodou  |c Ľuboš Pavelka 
100 1 |a Pavelka, Ľuboš, 1962-